Para la mina de los azogues de la Alcoraya pueden aprobecharse los montes siguientes... (Record no. 189410)

MARC details
000 -LEADER
campo de control de longitud fija 00838ntm a2200205 i 4500
001 - NÚMERO DE CONTROL
campo de control 189410
003 - IDENTIFICADOR DE NÚMERO DE CONTROL
campo de control ES-MaACL
005 - FECHA Y HORA DE LA ÚLTIMA TRANSACCIÓN
campo de control 20250628063408.0
008 - DATOS DE LONGITUD FIJA--INFORMACIÓN GENERAL
campo de control de longitud fija 250627q1730 sp ||||| |||| 00| 0 spa d
080 ## - NÚMERO DE LA CLASIFICACIÓN DECIMAL UNIVERSAL
Número de la Clasificación Decimal Universal 669.791
245 00 - MENCIÓN DEL TÍTULO
Título Para la mina de los azogues de la Alcoraya pueden aprobecharse los montes siguientes...
Medio [Manuscrito].
260 ## - PUBLICACIÓN, DISTRIBUCIÓN, ETC.
Nombre del editor, distribuidor, etc. [S.l.:
Lugar de publicación, distribución, etc. s.n.,
Fecha de publicación, distribución, etc. ca. 1730]
300 ## - DESCRIPCIÓN FÍSICA
Extensión [3] páginas ;
Dimensiones 20 cm.
500 ## - NOTA GENERAL
Nota general Legado de Federico de Botella y de Hornos
650 #4 - PUNTO DE ACCESO ADICIONAL DE MATERIA--TÉRMINO DE MATERIA
Término de materia o nombre geográfico como elemento de entrada Mercurio (Metal)-
Subdivisión geográfica Alcoraya.
9 (RLIN) 167168
852 ## - LOCALIZACIÓN
Ubicación ES-MaACL
Ubicación en estantería Sala Pardo Bazán
Donativo/Legado Legado de Federico de Botella y de Hornos
Número de control de estantería B-8924(16)
Encuadernación Encuadernado en un vol. facticio agrupado con el nombre en el lomo: España, geología, memorias y documentos varios 1 a 8
942 ## - ELEMENTOS DE ENTRADA SECUNDARIOS (KOHA)
Fuente del sistema de clasificación o colocación Clasificación decimal universal
Tipo de ítem Koha Manuscrito
Suprimir en OPAC No
Holdings
Estatus retirado Estado de pérdida Estado de daño No para préstamo Colección Biblioteca de origen Biblioteca actual Ubicación en estantería Fecha de adquisición Fuente de adquisición Total de préstamos Signatura topográfica completa Código de barras Visto por última vez Precio de reemplazo Tipo de ítem Koha
        Manuscritos Biblioteca del Ateneo de Madrid Biblioteca del Ateneo de Madrid Sala Pardo Bazán 30/05/2019     B-8924(16) 1200683 23/02/2023 23/02/2023 Manuscrito